000 01354cam a2200289Ia 4500
001 reflectionsofmoh00smil
003 CaSfIA
005 20210118214607.0
007 cr||||
008 850201s1984 nyua 000 0 eng d
040 _aNYG
_cNYG
_dOCL
_dZZY
_dOCL
_dOCLCQ
_dCaSfIA
035 _a(OCoLC)11646168
043 _an-us-ny
050 4 _aTX941.M63
_bS65
092 _a974.734
_bM69s6
100 1 _aSmiley, Ruth H.
245 1 0 _aReflections of Mohonk :
_h[electronic resource]
_ban essay in color of Mohonk and surrounding nature /
_cby Ruth H. Smiley.
260 _a[New Paltz? N.Y.] :
_bMohonk Mountain House,
_c1984.
300 _a45, [5] p. :
_bchiefly col. ill. ;
_c21 x 27 cm.
610 2 0 _aMohonk Mountain House
_xHistory.
651 0 _aMohonk Lake (N.Y.)
_vPictorial works.
856 4 1 _uhttp://www.archive.org/details/reflectionsofmoh00smil
_zFree eBook from the Internet Archive
856 4 2 _uhttp://www.openlibrary.org/books/OL24218167M
_zAdditional information and access via Open Library
942 _cEB
506 _fНеобхідна авторизація на https://archive.org/ (створення облікового запису безкоштовно)
506 _fНеобхідна авторизація на https://openlibrary.org/ (створення облікового запису безкоштовно)
999 _c542727
_d542727